000 00807nam a2200217 i 4500
001 9282
003 ES-MaACL
005 20230906145637.0
007 t|
008 930604s1984 sp ||||1| spa d
080 _a061.43(464.1)"1984":75(73)"19"
080 _a75(73)"19":061.43(464.1)"1984"
245 0 0 _aColección David Mirvish
_b: [exposición celebrada] en la residencia del embajador de Estados Unidos de América, enero 1984.
260 _aMadrid :
_bServicio Cultural e Informativo de los Estados Unidos de América,
_cDL. 1984.
300 _a59 p. :
_bil. ;
_c29 cm.
650 1 4 _aPintura norteamericana-
_yS.XX-
_xExposiciones.
_916069
655 7 _2tgfbne
_9193628
_aCatálogos de exposiciones
852 _aES-MaACL
_jL-16415
_bR.120992
942 _2udc
999 _c9282
_d9282